000 01100nam a22002295i 4500
001 172778
003 ES-MaACL
005 20250831061532.0
008 090908s1932 sp |||| | spa d
245 0 0 _aConvenio relativo a la reparación de las enfermedades profesionales, aprobado por la Conferencia Internacional del Trabajo en su VII sesión, celebrada en Ginebra del 19 de mayo al 10 de junio de 1925 y ratificado por España el 29 de septiembre de 1932.
260 _aMadrid :
_b[s.n.],
_c1932 (
_fImp. del Ministerio de Estado)
300 _a14 p. ;
_c24 cm.
490 1 _aPublicaciones del Ministerio de Estado. Serie A: Acuerdos y convenios internacionales ;
_v1
546 _aTexto en español, francés e inglés.
594 _aDatos tomados de cub.
650 4 _aEnfermedades profesionales.
_9141802
710 1 _aEspaña.
_bMinisterio de Estado.
_93866
711 2 _aConferencia Internacional del Trabajo (
_n7ª.
_d1925.
_cGinebra)
_9171574
830 1 0 _aPublicaciones del Ministerio de Estado
_v1
_9189119
852 _aES-MaACL
_j2299-F-35
999 _c172778
_d172778